000 00312 a2200121 4500
000 nam a22 7a 4500
005 20260410120912.0
020 _a9780670099900
100 _aRana Preet Gill
_91234645
245 _aThe Ghadar Movement: A Forgotten Struggle
260 _bPenguin Books
_c2025
942 _cTEXL
999 _c1848216
_d1848216